Historia oral empresarial Francisco Helo. Toallas de Cazuca-Helo hermanos (Registro nro. 9928)

Detalles MARC
000 -ENCABEZADO
Número de control [NR] 01163nam a2200253Ia 4500
005 - FECHA Y HORA DE LA ÚLTIMA TRANSACCIÓN
control field 20161006123126.0
008 - DE LONGITUD FIJA DE DATOS DE ELEMENTOS - INFORMACIÓN GENERAL
Elementos de longitud fija [NR] 130821s1992 ck grmm spa
040 ## - FUENTE DE CATALOGACION [NR]
Agencia de catalogación original [NR] Co-BoUCM
Idioma de catalogación [NR] spa
Quien Cataloga Sandra Palacio (modificó)
Quien Clasifica [Nuevo]
041 ## - CODIGO DE IDIOMA [R]
Código de idioma para texto/pista de sonido o título separado [R] Español
092 ## - SIGNATURA TOPOGRAFICA LOCAL
Número de clasificación local TA 746.98
Item number 20
100 1# - ASIENTO PRINCIPAL--NOMBRE PERSONAL [NR]
Nombre personal [NR] Angarita Contreras, Guillermo
ID Autoridad 80914
245 10 - MENCION DE TITULO [NR]
Título [NR] Historia oral empresarial Francisco Helo. Toallas de Cazuca-Helo hermanos
Mención de responsabilidad, etc. [NR] Guillermo Angarita Contreras ; Luis Carlos Hurtado Sarmiento
260 ## - PUBLICACION, DISTRIBUCION, ETC. (PIE DE IMPRENTA) [R]
Lugar de publicación, distribución, etc. [R] Bogotá (Colombia)
Nombre del editor, distribuidor, etc. [R] [Editorial desconocida]
Fecha de publicación, distribución, etc. [R] 1992
300 ## - DESCRIPCION FISICA [R]
Extensión [R] 198 páginas
Material acompañante [NR] 1 videocasete beta 1 video VHS, DVD
502 ## - NOTA DE TESIS [R]
Nota de tesis [NR] Tesis (Administrador). -- Colegio Mayor de Nuestra Señora del Rosario, Facultad de Administración de Empresas, 1992
610 ## - ASIENTO SECUNDARIO DE MATERIA - NOMBRE CORPORATIVO [R]
Nombre corporativo o nombre de la jurisdicción como elemento de entrada [NR] Helo Hermanos
9 (RLIN) 4316
650 17 - ASIENTO SECUNDARIO DE MATERIA - TERMINO TEMATICO [R]
9 (RLIN) 435
Término temático o nombre geográfico como elemento de entrada [NR] Administración de empresas
650 27 - ASIENTO SECUNDARIO DE MATERIA - TERMINO TEMATICO [R]
Término temático o nombre geográfico como elemento de entrada [NR] Industria textil
Subdivisión geográfica [R] Bogotá (Colombia)
9 (RLIN) 17476
650 27 - ASIENTO SECUNDARIO DE MATERIA - TERMINO TEMATICO [R]
Término temático o nombre geográfico como elemento de entrada [NR] Telas de algodón
Subdivisión general [R] Industria y comercio
9 (RLIN) 25166
650 27 - ASIENTO SECUNDARIO DE MATERIA - TERMINO TEMATICO [R]
Término temático o nombre geográfico como elemento de entrada [NR] Tesis y disertaciones académicas
9 (RLIN) 25434
690 ## - ASUNTO AGREGADO LOCAL DE ENTRADA - TÉRMINO TEMÁTICO (OCLC, RLIN)
Acceso temático local Administración de empresas
9 (RLIN) 435
700 1# - ASIENTO SECUNDARIO - NOMBRE PERSONAL [R]
Nombre personal [NR] Hurtado Sarmiento, Luis Carlos
9 (RLIN) 80915
942 ## - ELEMENTOS DE ENTRADA AGREGADOS (KOHA)
Source of classification or shelving scheme DEWEY
Tema principal Administración
Edition 1
Classification part 746.98
Call number suffix A54
Koha item type Tesis
Existencias
Suprimido Perdido Sistema de clasificación Dañado No prestable Tipo de ítem específico Ubicación habitual Ubicación actual Localización Fecha de creación Forma de adquisición Costo Total préstamos Signatura topográfica Código de barras Última vez visto Ejemplar Price effective from Tipo de ítem Proveedor Costo de reposición
    DEWEY     Tesis Bodega Bodega Préstamo 4 días después de solicitado 28/02/2003 Donación 2000.00   TA 746.98 A54 100036198 16/12/2015 Ej.1 03/02/2013 Tesis    
    DEWEY   Préstamo restringido DVD Claustro Procesos Técnicos (no para préstamo) Procesos Técnicos 23/09/2016 Donación 0.00   TA 746.98 A54 100150960 03/12/2025 Ej.1 23/09/2016 Multimedia 12 26000.00
    DEWEY     DVD Procesos Técnicos (no para préstamo) Procesos Técnicos (no para préstamo) Procesos Técnicos 03/10/2016 Donación 0.00   TA 746.98 A54 100151126 03/12/2025 Ej.2 03/10/2016 Multimedia 12 26000.00